Theatrum chemicum : Ayahuasca, conjuro, alegoría /

Guardat en:
Dades bibliogràfiques
Autor principal: Flores, Enrique (autor)
Altres autors: Perlongher, Néstor (autor) (autor)
Format: Llibre
Idioma:espanyol
Publicat: México : UNAM, Centro de Estudios Literarios, 2020, c2020
Col·lecció:(Ediciones Especiales ; 112)
Matèries:
Etiquetes: Afegir etiqueta
Sense etiquetes, Sigues el primer a etiquetar aquest registre!

MARC

LEADER 00000nam^a2200000^a^4500
001 000453163
005 20250521000000.0
009 20260310123854.893
020 |a 978-607-30-4033-4 
037 |a Acervo ITESO - Biblioteca 
041 |a ESP 
082 |a 860. 980  |b FLO 
100 |a Flores, Enrique  |e (autor) 
245 1 0 |a Theatrum chemicum :  |b Ayahuasca, conjuro, alegoría /  |c E. Flores. 
264 4 |a México :  |b UNAM, Centro de Estudios Literarios,  |c 2020, c2020 
300 |a 199 p. 
336 |a texto  |b txt  |2 rdacontenido 
337 |a sin mediación  |b n  |2 rdamedio 
338 |a volumen  |b nc  |2 rdasoporte 
440 1 |a (Ediciones Especiales ;  |v 112) 
649 |a XX 
650 |a Escritores Argentinos 
650 |a Escritores Mexicanos 
650 |a Mujeres Mexicanas 
650 |a Ayahuasca en la Literatura -  |x Historia y Crítica 
650 |a Alucinógenos en la Literatura -  |x Historia y Crítica 
650 |a Literatura Argentina -  |x Historia y Crítica 
650 |a Literatura Mexicana -  |x Historia y Crítica 
650 |a Literatura Latinoamericana -  |x Historia y Crítica -  |x Tema Principal 
650 |a Ruiz de Alarcón, Hernando 
600 |a Cruz, Juana Inés de la,  |c Sor 
650 |a Perlongher, Néstor 
700 |a Perlongher, Néstor  |e (autor) 
740 0 |a Auto sacramental do Santo Daime :  |b borrador inacabado /  |c N. Perlongher. 
910 |a Fondo General 
920 |a Impresos - Libros 
930 |a Colección General 
940 |a Literatura 
905 |a 101 
901 |a 0500368726  |b IT1  |c LIT  |i C179650  |u 20250521 
902 |a https://opac.biblio.iteso.mx/vufind/Record/000453163